Revolución y tradición en Africa negra
Guardat en:
| Autor principal: | |
|---|---|
| Format: | Llibre |
| Idioma: | espanyol |
| Publicat: |
Madrid
Alianza
1971
|
| Col·lecció: | El Libro de Bolsillo
|
| Matèries: | |
| Etiquetes: |
Afegir etiqueta
Sense etiquetes, Sigues el primer a etiquetar aquest registre!
|
MARC
| LEADER | 00000nam a2200000 a 4500 | ||
|---|---|---|---|
| 001 | UCP6412 | ||
| 003 | CL-VaPUC | ||
| 008 | 991022e19710000SP |||||||||||||||||spa|d | ||
| 082 | 0 | 4 | |a 306.096 |b MOR |2 21 |
| 100 | |a Morán López, Fernando |e autor |9 424608 | ||
| 245 | 1 | 0 | |a Revolución y tradición en Africa negra |
| 300 | |a 220 p | ||
| 942 | |c BK | ||
| 945 | |d 19991022 00:00:00 |a crobeson | ||
| 260 | |a Madrid |b Alianza |c 1971 | ||
| 650 | 0 | |a Historia social |9 313638 | |
| 650 | 7 | |a NACIONALISMO |2 CL-VaPUC |9 435551 | |
| 650 | 0 | |a Descolonización |9 318067 | |
| 650 | 0 | |a Historia política |9 256974 | |
| 650 | 7 | |a ESTRUCTURA SOCIAL |2 CL-VaPUC |9 435552 | |
| 650 | 0 | |a Socialismo |9 255260 | |
| 650 | 0 | |a Populismo |9 403172 | |
| 651 | 0 | |a África |9 256790 | |
| 583 | |a last modification |c 19991022 00:00:00 |k Rodrigo Vera | ||
| 490 | 0 | |a El Libro de Bolsillo | |
| 999 | |c 283999 |d 283997 | ||
| 952 | |0 0 |1 0 |4 0 |6 306_096000000000000_MOR_1971 |7 0 |8 A |9 327587 |a BIBHIS |b BIBHIS |d 2019-11-20 |i 1370065 |l 2 |o 306.096 MOR 1971 |p 1370065 |r 2025-01-20 |s 2023-11-15 |w 2019-11-20 |y BK |k HIS | ||